2000s Albums (Hard) - Statistics

General Stats
  • This quiz has been taken 726 times
    694 since last reset
  • The average score is 9 of 20
Answer Stats
Picture Answer % Correct
Parachutes - Coldplay
77%
The Carter III - Lil Wayne
65%
Oracular Spectacular - MGMT
62%
Black Holes and Revelations - Muse
55%
Meteroa - Linkin Park
55%
Blink-182 - Blink-182
53%
Man on the Moon: The End of Day - Kid Cudi
51%
Songs for the Deaf - Queens of the Stone Age
46%
Is This It - The Strokes
45%
Madvillany - Madvillain
43%
Only by the Night - Kings of Leon
43%
American IV: The Man Comes Around - Johnny Cash
39%
Mail on Sunday - Flo Rida
36%
Audioslave - Audioslave
33%
Sea Change - Beck
33%
The Sickness - Disturbed
31%
Bleed American - Jimmy Eat World
29%
Come Away With Me - Norah Jones
27%
Save Me, San Francisco - Train
24%
Awake - Skillet
15%
No matching quizzes found
Score Distribution
Percent of People with Each Score
Percentile by Number Answered
Your Score History
You have not taken this quiz since the last reset